Guia i protocols d'informes socials / Carme Fernández Ges
Publicado:
Barcelona :
Diputació de Barcelona. Àrea de Benestar Social. Servei d'Acció Social. Secció de Formació i Divulgació ,
2005
Descripción Física:
50 p. ; 29 cm
Materias:
Serveis socials -- Normes
MARC
| LEADER | 00000nam a2200000Ia 4500 | ||
|---|---|---|---|
| 001 | 21132 | ||
| 008 | 160829s2005 xx 000 0 cat d | ||
| 080 | |a S-1-272 | ||
| 100 | |a Fernández Ges, Carme |9 43115 | ||
| 245 | |a Guia i protocols d'informes socials / Carme Fernández Ges | ||
| 260 | |a Barcelona : |b Diputació de Barcelona. Àrea de Benestar Social. Servei d'Acció Social. Secció de Formació i Divulgació, |c 2005 | ||
| 300 | |a 50 p. ; |c 29 cm | ||
| 490 | |a Apunts de treball. Monografies de l'Àrea de Benestar Social ; 1 | ||
| 590 | |a Bibliografia | ||
| 650 | |a Serveis socials |x Normes |9 43116 | ||
| 710 | 1 | |9 55537 |a Barcelona (Catalunya : Província). |b Servei d'Acció Social | |
| 901 | |a Arxiu | ||
| 942 | |n 1 |2 udc | ||
| 952 | |0 0 |1 0 |4 0 |6 S1272 |7 1 |9 51211 |a Arxiu |b Arxiu |d 2016-12-01 |l 0 |o S-1-272 |p 21132 |r 2016-12-01 00:00:00 |w 2016-12-01 |y ARXIU | ||
| 999 | |c 55054 |d 55054 | ||